[Event "Biel op-B 56th"]
[Site "Biel"]
[Date "2023.07.19"]
[Round "3"]
[White "Tkhoruk, Roman"]
[Black "Paholok, Igor"]
[Result "0-1"]
[WhiteElo "1803"]
[BlackElo "1710"]
[PlyCount "62"]
[EventDate "2023.07.17"]
[EventType "swiss"]
[EventRounds "9"]
[EventCountry "SUI"]
[SourceTitle "EXT 2024"]
[Source "ChessBase"]
[SourceDate "2023.10.10"]
[SourceVersion "1"]
[SourceVersionDate "2023.10.10"]
[SourceQuality "1"]

1. d4 g6 2. c3 b6 3. e4 Bb7 4. f3 d6 5. Bg5 Bg7 6. Bc4 Nf6 7. Qb3 0-0 8. Ne2 Nc6 9. Qc2 Na5 10. Bd3 c5 11. 0-0 c4 12. d5 Ba6 13. Nd4 cxd3 14. Qa4 b5 15. Nxb5 Bxb5 16. Qxb5 Rb8 17. Qxd3 Rxb2 18. Nd2 Qc7 19. Be3 Nd7 20. Rfc1 Ne5 21. Qa6 Nec4 22. Nxc4 Nxc4 23. Bd4 Bh6 24. Rcb1 Rxb1+ 25. Rxb1 Be3+ 26. Bxe3 Nxe3 27. c4 Rb8 28. Rb5 Rxb5 29. Qxb5 Nxc4 30. Qe8+ Kg7 31. g4 Ne5 0-1